Central Library OPAC University of Rajshahi

The French communes in the Middle Ages / (Record no. 6015)

MARC details
000 -LEADER
fixed length control field 01087cam a2200301 i 4500
001 - CONTROL NUMBER
control field 6015
003 - CONTROL NUMBER IDENTIFIER
rucl marc code BD-RjUL
005 - DATE AND TIME OF LATEST TRANSACTION
control field 20211208234153.0
008 - FIXED-LENGTH DATA ELEMENTS--GENERAL INFORMATION
fixed length control field 140108s1978 ne 001 0 eng
020 ## - INTERNATIONAL STANDARD BOOK NUMBER
International Standard Book Number 0720405505
035 ## - SYSTEM CONTROL NUMBER
System control number (BD-RjUL)6054
040 ## - CATALOGING SOURCE
Original cataloging agency DLC
Transcribing agency DLC
Modifying agency DLC
-- BD-RjUL
Language of cataloging eng
041 1# - LANGUAGE CODE
Language code of text/sound track or separate title eng
Language code of original fre
082 00 - DEWEY DECIMAL CLASSIFICATION NUMBER
Classification number 352.0080944
Author mark and year PEF 1978
100 1# - MAIN ENTRY--PERSONAL NAME
Personal name Petit-Dutaillis, Charles,
Dates associated with a name 1868-1947.
9 (RLIN) 18916
245 14 - TITLE STATEMENT
Title The French communes in the Middle Ages /
Statement of responsibility, etc. by Charles Petit-Dutaillis ; translated by Joan Vickers.
260 ## - PUBLICATION, DISTRIBUTION, ETC. (IMPRINT)
Place of publication, distribution, etc. Amsterdam ;
-- New York :
Name of publisher, distributor, etc. North-Holland Pub. Co. ;
Place of publication, distribution, etc. New York :
Name of publisher, distributor, etc. distributors for the U.S.A. and Canada, Elsevier North-Holland,
Date of publication, distribution, etc. 1978.
300 ## - PHYSICAL DESCRIPTION
Pagination viii, 165 p. ;
Size 23 cm.
500 ## - GENERAL NOTE
General note Translation of Les communes françaises.
General note Includes index.
650 #0 - SUBJECT ADDED ENTRY--TOPICAL TERM
Topical term or geographic name as entry element Municipal government
Geographic subdivision France
General subdivision History.
9 (RLIN) 18918
Topical term or geographic name as entry element Cities and towns, Medieval
Geographic subdivision France.
9 (RLIN) 18919
942 ## - ADDED ENTRY ELEMENTS (KOHA)
Source of classification or shelving scheme Dewey Decimal Classification
Koha item type Books
Holdings
Lost status Source of classification or shelving scheme Damaged status Not for loan Collection code Permanent Location Current Location Shelving location Date acquired Source of acquisition Total Checkouts Full call number Date last seen Copy number Koha item type
  Dewey Decimal Classification   Not For Loan Non-fiction Central Library, University of Rajshahi Central Library, University of Rajshahi   13/08/1981 Netherland   352.0080944 PEF 1978 08/01/2014 C-1 Books